000 01332nam a22001817a 4500
999 _c63777
_d63777
003 Ge_BSU
005 20260113131525.0
008 260112s1972 ge ||||| |||| 00| 0 geo d
041 _ageo
080 _a908(479.22) ა-99
100 _aახობაძე, ერ.
_926654
245 _aსაქართველო საბჭოთა კავშირის ხალხთა ძმურ ოჯახში /
_cერ. ახობაძე; საქართველოს სსრ მეც. აკადემია. ივ. ჯავახიშვილის სახელობის ისტორიის, არქეოლოგიისა და ეთნოგრაფიის ინ-ტი.
264 _aთბილისი :
_bმეცნიერება,
_c1972.
300 _a53 გვ. ;
_b22 სმ.
653 _aკომუნისტური მშენებლობა სსრ კავშირში
710 _aსაქართველოს სსრ მეცნიერებათა აკადემია.
_bივ. ჯავახიშვილის სახელობის ისტორიის, არქეოლოგიისა და ეთნოგრაფიის ინსტიტუტი.
_926655
942 _2udc
_cᲬᲘᲒᲜᲘ